1979 1395 1814 1635 1177 1260 1565 1315 1821 1362 1337 1174 1332 1458 1404 1596 1348 1735 1552 1666 1278 1130 1332 1187 1143 1340 1610 1363 1694 1272 1057 1481 1861 1567 1586 1141 1159 1706 1719 1645 1441 1342 1500 1994 1526 1291 1135 1988 1989 1408 1788 1438 1822 1438 1036 1402 1067 1530 1449 1762 1791 1559 1825 1921 1101 1387 1879 1836 1970 1240 1356 1485 1387 1991 1539 1813 1805 1254 1918 1443 1504 1907 1656 1082 1015 1631 1966 1794 1130 1190 1537 1999 1373 1972 1428 1309 1245 1314 1959 BCNSPRNW ULIB Ver.6.0+V

เปลี่ยนเป็นภาษาไทย

Change to English
 แสดงรายละเอียดบรรณานุกรม
  กลับหน้าหลัก

Brief Record : Get Marc (ISO 2709) : E-mail record : QR code < ปิดหน้าต่าง
LEADER : 00000nam 2200000uu 4500
001    13399111351
003     ULIB
008    110623s2548||||th 000 0 tha d
020    9789741324538
060  4 QU4^bด451ช 2548
100 0  ดาวัลย์ ฉิมภู่
245 10 ชีวเคมี /^cดาวัลย์ ฉิมภู่
250    พิมพ์ครั้งที่ 2
260    กรุงเทพฯ :^bสำนักพิมพ์แห่งจุฬาลงกรณ์มหาวิทยาลัย,^c2548
300    534 หน้า :^bภาพประกอบ ;^c30 ซม.
650  7 ชีวเคมี
945    ^p370^l0^i16175
945    ^p370^l0^i24575
945    ^p370^l0^i24573
945    ^p370^l0^i14107
945    ^p370^l0^i24574
945    ^p370^l0^i14106
945    ^p370^l0^i16174
995    กัณชพร
999    ^aใช้งานได้ทุกระบบ
รายการนี้ยังไม่มีแท็ก
คุณยังไม่ได้ล็อกอิน คุณสามารถมีกิจกรรมร่วมกับเว็บไซต์ได้ แต่ต้องล็อกอินก่อน ::
  ล็อกอิน

รายการสื่อสารสนเทศ

ลำดับที่ ประเภท เลขเรียก/บาร์โค้ด สถานที่ สถานะ
1. วิทยาศาสตร์การแพทย์ และสุขภาพ
วิทยาศาสตร์การแพทย์ และสุขภาพ
QU4 ด451ช 2548 ฉ.7 
  Barcode: 16174
ห้องสมุดวิทยาเขตสวรรค์ประชารักษ์
►หนังสือทั่วไป
บนชั้น

รายการใกล้เคียง
    ผู้แต่ง [ดาวัลย์ ฉิมภู่]

    หัวเรื่อง [ชีวเคมี]

BibComment


ยังไม่เคยถูกคอมเมนท์

คอมเมนท์ทรัพยากรรายการนี้
  คอมเมนท์: ชีวเคมี ดาวัลย์ ..


 Copyright 2026. Bcnsprnw @Library